000 00817nam a2200217Ii 4500
003 JO-AjNU
008 230605s9999||||xx |||||||||||||| ||und||
020 _a59239-159-1
040 _aJO-AjNU
_bara
_erda
_cJO-AjNU
041 _aara
050 1 4 _aDS145.P7.S5234 2003
100 3 _aشعبان، فؤاد,
_eauthor
_948510
245 0 0 _aمن أجل صهيون التراث اليهودي - المسيحي في الثقافة الامريكية
250 _aط2
264 3 1 _aدمشق: دار الفكر، 2003
300 _a443ص
_bالملاحق ص(390-425)/ صور نوضيحية
336 _atext
_btxt
_2rdacontent
337 _aunmediated
_bn
_2rdamedia
338 _avolume
_bnc
_2rdacarrier
650 4 _aبروتوكولات حكماء صهيون- الصهيونية، اليهود- تاريخ
_948511
999 _aA21249
_c24817
_d24817